[Event "GCT 2021 Saint Louis - Blitz"]
[Site "Saint Louis"]
[Date "14.08.2021"]
[Round "8B"]
[White "Dominguez Perez, Leinier"]
[Black "Xiong, Jeffery"]
[Result "1-0"]
[WhiteTitle ""]
[BlackTitle ""]
[WhiteElo "2758"]
[BlackElo "2710"]
[WhiteFideId "3503240"]
[BlackFideId "2047640"]
[EventDate "2021.08.14"]

1. e4 c6 2. d4 d5 3. e5 Bf5 4. Nf3 e6 5. Be2 Ne7 6. c3 Ng6 7. O-O Be7 8. Be3 Nd7
9. Nbd2 f6 10. Ne1 h5 11. f4 Qb6 12. Qb3 Rc8 13. Bd3 Nh4 14. Bf2 Bxd3 15. Nxd3
Nf5 16. Qc2 fxe5 17. fxe5 g5 18. Kh1 h4 19. Rae1 Kd8 20. c4 Qa6 21. b3 Nb6 22.
c5 Nd7 23. b4 b6 24. a4 bxc5 25. dxc5 Qb7 26. Rb1 a6 27. Nb3 Qc7 28. Nd4 Nxd4
29. Bxd4 Rf8 30. Rxf8+ Nxf8 31. Qf2 Qd7 32. Rf1 Qe8 33. Qe2 Rb8 34. Bc3 Qg6 35.
Nc1 h3 36. gxh3 Nd7 37. Nd3 a5 38. bxa5 Rb3 39. a6 Kc7 40. Rc1 Qe4+ 41. Qxe4
dxe4 42. Nf2 Nxc5 43. Bd4 Nxa6 44. a5 c5 45. Nxe4 Rb4 46. Bxc5 Rxe4 47. Bxe7+
Kd7 48. Bd6 Re2 49. Rg1 Re3 50. Rxg5 Rxh3 51. Kg2 Rd3 52. h4 1-0

[Event "GCT 2021 Saint Louis - Blitz"]
[Site "Saint Louis"]
[Date "14.08.2021"]
[Round "8B"]
[White "Caruana, Fabiano"]
[Black "So, Wesley"]
[Result "1-0"]
[WhiteTitle ""]
[BlackTitle ""]
[WhiteElo "2806"]
[BlackElo "2772"]
[WhiteFideId "2020009"]
[BlackFideId "5202213"]
[EventDate "2021.08.14"]

1. e4 e5 2. Nf3 Nc6 3. Bb5 a6 4. Ba4 Nf6 5. O-O Be7 6. Re1 b5 7. Bb3 O-O 8. a4
b4 9. a5 d6 10. c3 Rb8 11. Bc4 Bg4 12. h3 Bh5 13. d3 bxc3 14. bxc3 Nxa5 15. Rxa5
Rxb1 16. g4 Bg6 17. Qc2 Rb8 18. Rxa6 Qc8 19. Kh2 Kh8 20. Qe2 c6 21. Ra7 Bd8 22.
Ba6 Qe6 23. Be3 Nxg4+ 24. hxg4 Qxg4 25. Nd2 Qh4+ 26. Kg2 f5 27. Rh1 Qf6 28. exf5
Bxf5 29. Qh5 Bb6 30. Bxb6 Rxb6 31. Nf3 Bg6 32. Qg4 d5 33. Qg3 Rb2 34. Rf1 e4 35.
Ne5 Bh5 36. dxe4 dxe4 37. Bc4 e3 38. Qxe3 h6 39. Qg3 Rd2 40. Rd7 Bf3+ 41. Kg1
Bd5 1-0

[Event "GCT 2021 Saint Louis - Blitz"]
[Site "Saint Louis"]
[Date "14.08.2021"]
[Round "8B"]
[White "Le, Quang Liem"]
[Black "Rapport, Richard"]
[Result "1-0"]
[WhiteTitle ""]
[BlackTitle ""]
[WhiteElo "2709"]
[BlackElo "2763"]
[WhiteFideId "12401137"]
[BlackFideId "738590"]
[EventDate "2021.08.14"]

1. d4 Nf6 2. Nf3 b6 3. g3 Bb7 4. Bg2 g6 5. c4 Bg7 6. Qc2 Be4 7. Qa4 Bb7 8. Qc2
Be4 9. Qd1 Bb7 10. O-O O-O 11. d5 Na6 12. Nc3 Nc5 13. Qc2 e6 14. Rd1 exd5 15.
cxd5 Re8 16. Nd4 a5 17. Bf4 Nh5 18. Be3 Rxe3 19. fxe3 d6 20. e4 Qd7 21. e3 Nf6
22. Rf1 Qe7 23. Rf4 Rf8 24. a3 Nh5 25. Rf2 Bh6 26. Re1 Nf6 27. b4 axb4 28. axb4
Na6 29. Qb3 Ng4 30. Rfe2 Qf6 31. Ncb5 Bc8 32. Rf1 Qg5 33. Rf4 Ne5 34. Qc3 Bd7
35. Ref2 Qh5 36. Bf1 Ng4 37. Be2 Bxf4 38. exf4 Qh3 39. Bf1 Qh5 40. Re2 Ra8 41.
Ra2 Nb8 42. Re2 Na6 43. Qd2 Re8 44. Re1 Nf6 45. Bg2 Ng4 46. h4 Nf6 47. Qc3 Qg4
48. Kf2 Nh5 49. Ra1 Nxb4 50. Nxc7 Rc8 51. Ra7 b5 52. Qf3 Qxf3+ 53. Bxf3 Nd3+ 54.
Ke3 Nc5 55. Bxh5 gxh5 56. Ndxb5 Bxb5 57. Nxb5 Rd8 58. Rc7 Na6 59. Rc6 Nb4 60.
Rxd6 Re8 61. Nd4 Kf8 62. e5 Ra8 63. Nf5 h6 64. Ke4 Kg8 65. Rb6 Ra4 66. Ne7+ Kf8
67. d6 Nc6+ 68. Kf5 Nxe7+ 69. dxe7+ Kxe7 70. Rxh6 Ra3 71. Rxh5 Rxg3 72. Rh7 Kf8
73. h5 Kg8 74. Rh6 Rh3 75. Kg4 Rh1 76. Ra6 Kg7 77. Kg5 Rg1+ 78. Kf5 Rh1 79. h6+
Kg8 80. Rd6 Rh4 81. Kg5 Rh1 82. f5 Kh7 83. Rd7 Kg8 84. Rd8+ Kh7 85. Rf8 f6+ 86.
Rxf6 1-0

[Event "GCT 2021 Saint Louis - Blitz"]
[Site "Saint Louis"]
[Date "14.08.2021"]
[Round "9B"]
[White "Xiong, Jeffery"]
[Black "Mamedyarov, Shakhriyar"]
[Result "1/2-1/2"]
[WhiteTitle ""]
[BlackTitle ""]
[WhiteElo "2710"]
[BlackElo "2782"]
[WhiteFideId "2047640"]
[BlackFideId "13401319"]
[EventDate "2021.08.14"]

1. e4 c5 2. Nf3 e6 3. g3 d5 4. exd5 exd5 5. Bg2 Nc6 6. O-O Nf6 7. d4 cxd4 8.
Nxd4 Be7 9. Nc3 O-O 10. h3 h6 11. Be3 Re8 12. Re1 Bb4 13. a3 Bxc3 14. Nxc6 bxc6
15. bxc3 Bf5 16. c4 Be4 17. Bf1 dxc4 18. Qxd8 Rexd8 19. Bxc4 Bxc2 20. Rac1 Be4
21. Ba6 Rd7 22. Bf4 Bd5 23. Bd3 a5 24. Be5 a4 25. Re3 Nh7 26. h4 Nf8 27. Bf5 Rb7
28. Bd6 Rb3 29. Re7 Ne6 30. Bc2 Rc3 31. Bh7+ Kxh7 32. Rxc3 Nd4 33. Bc5 Rb8 34.
Bb4 g5 35. h5 g4 36. Kf1 Nf3 37. Ke2 Kg7 38. Ke3 Kf6 39. Bc5 Ng5 40. Ra7 Re8+
41. Kd3 Ne4 42. Rc1 Bb3 43. Bd4+ Kg5 44. Rxc6 f5 45. Rg7+ Kxh5 46. Rgg6 Bf7 47.
Rxh6+ Kg5 48. Be3+ f4 49. Bxf4+ Kf5 50. Be3 Rd8+ 51. Ke2 Be8 52. Rb6 Nc3+ 53.
Kf1 Rd1+ 54. Kg2 Nd5 55. Rb8 Bf7 56. Rf8 Nxe3+ 57. fxe3 Kg5 58. Rxf7 Kxh6 59.
Rf4 Rd3 60. Rxa4 Rxe3 61. Kf2 Rf3+ 62. Kg2 Rb3 63. Ra5 Rb2+ 64. Kg1 Kg6 65. Kf1
Kf6 66. a4 Ra2 67. Kg1 Kg6 68. Kf1 Kf6 69. Kg1 Kg6 70. Ra8 Kf5 71. Rf8+ Kg5 72.
Rf4 Ra1+ 73. Kf2 Ra2+ 74. Kf1 Ra1+ 75. Kg2 Ra2+ 76. Kg1 Ra3 77. Kg2 Ra2+ 78. Kg1
Ra1+ 79. Kg2 Ra2+ 80. Kg1 1/2-1/2

[Event "GCT 2021 Saint Louis - Blitz"]
[Site "Saint Louis"]
[Date "14.08.2021"]
[Round "9B"]
[White "Shankland, Sam"]
[Black "Dominguez Perez, Leinier"]
[Result "1/2-1/2"]
[WhiteTitle ""]
[BlackTitle ""]
[WhiteElo "2709"]
[BlackElo "2758"]
[WhiteFideId "2004887"]
[BlackFideId "3503240"]
[EventDate "2021.08.14"]

1. e4 e5 2. Nf3 Nc6 3. d4 exd4 4. Nxd4 Nf6 5. Nxc6 bxc6 6. Bd3 d5 7. exd5 cxd5
8. O-O Be7 9. c4 O-O 10. Nc3 Bb7 11. Qf3 Rb8 12. Nxd5 Nxd5 13. Be4 c6 14. cxd5
cxd5 15. Bd3 d4 16. Qg3 Bh4 17. Qg4 Bc8 18. Qf4 Rb6 19. b3 Ba6 20. Rd1 Bf6 21.
Qf3 Re8 22. Bd2 Bxd3 23. Qxd3 Qd5 24. Re1 Rbe6 25. Rxe6 Rxe6 26. Rc1 Rc6 27.
Rxc6 Qxc6 28. Qc4 Qd7 29. a4 h5 30. a5 Qf5 31. h3 Qb1+ 32. Kh2 Qd1 33. Qc8+ Kh7
34. Qf5+ Kg8 35. Qc8+ Kh7 36. Qf5+ Kg8 37. Qc8+ 1/2-1/2

[Event "GCT 2021 Saint Louis - Blitz"]
[Site "Saint Louis"]
[Date "14.08.2021"]
[Round "9B"]
[White "Rapport, Richard"]
[Black "Caruana, Fabiano"]
[Result "1/2-1/2"]
[WhiteTitle ""]
[BlackTitle ""]
[WhiteElo "2763"]
[BlackElo "2806"]
[WhiteFideId "738590"]
[BlackFideId "2020009"]
[EventDate "2021.08.14"]

1. Nf3 d5 2. g3 c5 3. Bg2 Nc6 4. O-O e5 5. d3 Be7 6. Na3 Be6 7. e4 d4 8. Nc4 Qc7
9. Ng5 Bxg5 10. Bxg5 b5 11. Na3 a6 12. Bd2 Nge7 13. f4 f6 14. Kh1 h5 15. c4 b4
16. Nc2 a5 17. Ne1 Qd7 18. Nf3 Bg4 19. Qe1 Ng6 20. Ng1 h4 21. f5 Nge7 22. h3 Bh5
23. g4 Bf7 24. g5 O-O-O 25. g6 Be8 26. a3 Kb7 27. axb4 cxb4 28. Ne2 Qc7 29. Nc1
Qb6 30. Nb3 Ra8 31. Ra4 Kc7 32. Qa1 Bd7 33. Qa2 Ra7 34. Ra1 Rha8 35. c5 Qb5 36.
Nc1 Nd8 37. Qb3 Qxc5 38. R4a2 Kb7 39. Rxa5 Rxa5 40. Bxb4 Ba4 41. Rxa4 Qxc1+ 42.
Be1+ Kc8 43. Rc4+ Rc5 44. Rxc1 Rxc1 45. Kh2 Rxe1 46. Qb4 Re2 47. Qxe7 Ra2 48.
Qc5+ Kb8 49. Qd6+ Kc8 50. Qc5+ Kb8 51. Qb5+ Nb7 52. Qe8+ Ka7 53. Kg1 Rexb2 54.
Bf1 Ra1 55. Qe7 Rbb1 56. Qxg7 Rxf1+ 57. Kg2 Rg1+ 58. Kf2 Raf1+ 59. Ke2 Ra1 60.
Kf2 Rgb1 61. Qxf6 Rf1+ 62. Kg2 Rg1+ 63. Kf2 Raf1+ 64. Ke2 Re1+ 65. Kf2 Rgf1+ 66.
Kg2 Rg1+ 67. Kf2 1/2-1/2

[Event "GCT 2021 Saint Louis - Blitz"]
[Site "Saint Louis"]
[Date "14.08.2021"]
[Round "9B"]
[White "So, Wesley"]
[Black "Svidler, Peter"]
[Result "1-0"]
[WhiteTitle ""]
[BlackTitle ""]
[WhiteElo "2772"]
[BlackElo "2714"]
[WhiteFideId "5202213"]
[BlackFideId "4102142"]
[EventDate "2021.08.14"]

1. e4 e5 2. Nf3 Nc6 3. Bc4 Bc5 4. c3 Nf6 5. d3 d6 6. O-O a5 7. Bg5 h6 8. Bh4 Qe7
9. Nbd2 Bb6 10. Bb5 Bd7 11. Nc4 Ba7 12. Bxc6 Bxc6 13. Nxa5 Bxf2+ 14. Rxf2 Rxa5
15. Nd2 g5 16. Bg3 d5 17. b4 Ra8 18. Qf3 1-0

[Event "GCT 2021 Saint Louis - Blitz"]
[Site "Saint Louis"]
[Date "15.08.2021"]
[Round "10B"]
[White "So, Wesley"]
[Black "Dominguez Perez, Leinier"]
[Result "1-0"]
[WhiteTitle ""]
[BlackTitle ""]
[WhiteElo "2772"]
[BlackElo "2758"]
[WhiteFideId "5202213"]
[BlackFideId "3503240"]
[EventDate "2021.08.14"]

1. c4 c5 2. g3 g6 3. Bg2 Bg7 4. Nc3 Nc6 5. d3 d6 6. Qd2 e6 7. b3 Nge7 8. Bb2 O-O
9. h4 h6 10. Nf3 d5 11. cxd5 exd5 12. Na4 Bxb2 13. Nxb2 Kh7 14. Rc1 b6 15. d4
cxd4 16. h5 g5 17. Rxc6 Nxc6 18. Qc2+ Kg7 19. Qxc6 Bg4 20. Qa4 Qf6 21. Qxd4 Rac8
22. Kd2 Bxf3 23. Qxf6+ Kxf6 24. Bxf3 d4 25. Be4 Ke5 26. Bd3 f5 27. Nc4+ Ke6 28.
a4 Rfd8 29. Rf1 Rc7 30. f3 Rf8 31. Ra1 Rc5 32. Na3 Rc7 33. a5 Rb8 34. Nb5 Rd7
35. axb6 Rxb6 36. Nxa7 Rdb7 37. Ra5 f4 38. gxf4 gxf4 39. Nb5 Ke5 40. Na3+ Ke6
41. Nc2 Rd6 42. b4 Rg7 43. Bg6 Rb7 44. Kd3 Ke7 45. Re5+ Kf6 46. Rf5+ Kg7 47.
Rxf4 1-0

[Event "GCT 2021 Saint Louis - Blitz"]
[Site "Saint Louis"]
[Date "15.08.2021"]
[Round "10B"]
[White "Shankland, Sam"]
[Black "Mamedyarov, Shakhriyar"]
[Result "1-0"]
[WhiteTitle ""]
[BlackTitle ""]
[WhiteElo "2709"]
[BlackElo "2782"]
[WhiteFideId "2004887"]
[BlackFideId "13401319"]
[EventDate "2021.08.14"]

1. e4 c5 2. Nf3 e6 3. d4 cxd4 4. Nxd4 Nf6 5. Nc3 Nc6 6. Ndb5 d6 7. Bf4 e5 8. Bg5
a6 9. Na3 Be6 10. Nc4 Rb8 11. Ne3 Be7 12. Bxf6 Bxf6 13. Bc4 O-O 14. O-O Bg5 15.
Bb3 Bxe3 16. fxe3 Na5 17. Qd3 Rc8 18. Rfd1 Nxb3 19. axb3 Qb6 20. Kh1 Rfd8 21.
Rd2 Qc5 22. Nd5 Bxd5 23. exd5 e4 24. Qe2 Re8 25. Ra4 g6 26. h3 Qc7 27. c3 Qd7
28. Ra5 Re5 29. b4 Rh5 30. Kg1 Rg5 31. Kh2 Qe7 32. Qf2 Rf5 33. Qg3 h5 34. Kg1
Rg5 35. Qf4 Rf5 36. Qg3 h4 37. Qg4 Rg5 38. Qxc8+ 1-0

[Event "GCT 2021 Saint Louis - Blitz"]
[Site "Saint Louis"]
[Date "15.08.2021"]
[Round "10B"]
[White "Caruana, Fabiano"]
[Black "Svidler, Peter"]
[Result "1-0"]
[WhiteTitle ""]
[BlackTitle ""]
[WhiteElo "2806"]
[BlackElo "2714"]
[WhiteFideId "2020009"]
[BlackFideId "4102142"]
[EventDate "2021.08.14"]

1. e4 e5 2. Nf3 Nc6 3. Bb5 a6 4. Ba4 Nf6 5. O-O Be7 6. d3 d6 7. c3 O-O 8. Re1
Re8 9. Nbd2 Bf8 10. h3 h6 11. d4 b5 12. Bc2 Bb7 13. d5 Nb8 14. b3 c6 15. c4 Qc7
16. Nf1 Nbd7 17. Ng3 bxc4 18. bxc4 a5 19. Be3 Nc5 20. Nd2 cxd5 21. exd5 g6 22.
Bxc5 dxc5 23. Rb1 Reb8 24. Qf3 Ne8 25. h4 h5 26. Nxh5 gxh5 27. Qxh5 Bg7 28. Rb3
Ra6 29. Rg3 Kf8 30. Rxg7 Kxg7 31. Qh7+ Kf8 32. Qh8+ Ke7 33. Rxe5+ Re6 34. dxe6
Nf6 35. Rxc5 Qd6 36. Qg7 Rf8 37. Nb3 a4 38. Rf5 Qxe6 39. Nc5 Qe1+ 40. Kh2 1-0

[Event "GCT 2021 Saint Louis - Blitz"]
[Site "Saint Louis"]
[Date "15.08.2021"]
[Round "10B"]
[White "Xiong, Jeffery"]
[Black "Le, Quang Liem"]
[Result "0-1"]
[WhiteTitle ""]
[BlackTitle ""]
[WhiteElo "2710"]
[BlackElo "2709"]
[WhiteFideId "2047640"]
[BlackFideId "12401137"]
[EventDate "2021.08.14"]

1. e4 e5 2. Nf3 Nc6 3. Nc3 Nf6 4. d4 exd4 5. Nxd4 Nxe4 6. Nxe4 Qe7 7. f3 d5 8.
Bb5 Bd7 9. O-O dxe4 10. Bxc6 bxc6 11. Re1 O-O-O 12. Rxe4 Qb4 13. Qe2 Bc5 14. Be3
Rhe8 15. c3 Qb7 16. b4 Rxe4 17. fxe4 Bd6 18. Qc4 Re8 19. Qxf7 c5 20. bxc5 Qxe4
21. Bf2 Bxc5 22. Qxg7 Qd5 23. Bg3 Re2 24. Bf4 Rxa2 25. Rxa2 Qxa2 26. h3 Qd5 27.
Kh2 h5 28. Nf3 a5 29. Ne5 a4 30. Nxd7 Qxd7 31. Qh8+ Kb7 32. Qxh5 Qc6 33. c4 a3
34. Qd1 Bd6 35. Qb3+ Qb6 36. Qf3+ Kb8 37. Bxd6 Qxd6+ 38. Kh1 Qb4 39. Qe2 Qb1+
40. Kh2 a2 41. Qe8+ Kb7 42. Qe4+ Qxe4 0-1

[Event "GCT 2021 Saint Louis - Blitz"]
[Site "Saint Louis"]
[Date "15.08.2021"]
[Round "11B"]
[White "Mamedyarov, Shakhriyar"]
[Black "So, Wesley"]
[Result "1-0"]
[WhiteTitle ""]
[BlackTitle ""]
[WhiteElo "2782"]
[BlackElo "2772"]
[WhiteFideId "13401319"]
[BlackFideId "5202213"]
[EventDate "2021.08.14"]

1. d4 Nf6 2. c4 e6 3. Nf3 d5 4. Nc3 c5 5. cxd5 cxd4 6. Qxd4 exd5 7. Bg5 Be7 8.
e3 O-O 9. Be2 Nc6 10. Qd3 h6 11. Bh4 Qb6 12. O-O Rd8 13. Rfd1 Be6 14. a3 Rac8
15. b4 d4 16. exd4 Nd5 17. Nxd5 Bxd5 18. Bxe7 Nxe7 19. Ne5 Be6 20. Bf3 f6 21.
Ng4 Nf5 22. d5 Nh4 23. Be2 Nf5 24. Qe4 Bd7 25. Bd3 Qd4 26. Qxd4 Nxd4 27. Ne3 Rc3
28. Bh7+ Kxh7 29. Rxd4 Rdc8 30. g3 Kg6 31. Kg2 Kf7 32. h4 h5 33. a4 b6 34. a5 b5
35. a6 Rb3 36. Kh2 Rb2 37. Kg1 Rc7 38. d6 Rc6 39. Re1 Ra2 40. Ng2 Kf8 41. Nf4
Rcc2 42. Nd3 Kg8 43. Re7 Ra1+ 44. Ne1 Rcc1 45. Rxd7 Rxe1+ 46. Kg2 Rg1+ 47. Kf3
Ra3+ 48. Ke4 Re1+ 49. Kf4 Kh7 50. Rxa7 Re2 51. f3 1-0

[Event "GCT 2021 Saint Louis - Blitz"]
[Site "Saint Louis"]
[Date "15.08.2021"]
[Round "11B"]
[White "Rapport, Richard"]
[Black "Xiong, Jeffery"]
[Result "1/2-1/2"]
[WhiteTitle ""]
[BlackTitle ""]
[WhiteElo "2763"]
[BlackElo "2710"]
[WhiteFideId "738590"]
[BlackFideId "2047640"]
[EventDate "2021.08.14"]

1. Nf3 c5 2. g3 Nc6 3. Bg2 g6 4. c3 e5 5. d3 Bg7 6. O-O Nge7 7. a3 d6 8. b4 a6
9. Bb2 O-O 10. Nbd2 h6 11. Rb1 Be6 12. bxc5 dxc5 13. c4 b6 14. Bc3 Qc7 15. Re1
Rfe8 16. a4 a5 17. Qb3 Nb4 18. Qb2 Nec6 19. Nf1 Rad8 20. Red1 f5 21. Ne1 Kh7 22.
Ne3 Nd4 23. Nd5 Bxd5 24. cxd5 e4 25. e3 Ne2+ 26. Qxe2 Bxc3 27. dxe4 Bxe1 28.
exf5 Bc3 29. fxg6+ Kg7 30. Qc4 Bf6 31. d6 Qa7 32. Rd2 Rf8 33. h4 h5 34. Qe2 Kxg6
35. Be4+ Kh6 36. Rxb4 axb4 37. Rd5 Qf7 38. Qf3 Bxh4 39. Rf5 Bf6 40. Qf4+ Kg7 41.
Rg5+ Bxg5 42. Qxg5+ Kh8 43. Qh6+ Kg8 44. Bd5 Qxd5 45. Qg6+ Kh8 46. Qh6+ Kg8 47.
Qg6+ Kh8 1/2-1/2

[Event "GCT 2021 Saint Louis - Blitz"]
[Site "Saint Louis"]
[Date "15.08.2021"]
[Round "11B"]
[White "Dominguez Perez, Leinier"]
[Black "Svidler, Peter"]
[Result "1-0"]
[WhiteTitle ""]
[BlackTitle ""]
[WhiteElo "2758"]
[BlackElo "2714"]
[WhiteFideId "3503240"]
[BlackFideId "4102142"]
[EventDate "2021.08.14"]

1. e4 c6 2. d4 d5 3. e5 c5 4. dxc5 e6 5. Bd3 Nd7 6. Nf3 Bxc5 7. O-O Ne7 8. Re1
Ng6 9. a3 O-O 10. b4 Bb6 11. Bb2 Nf4 12. c4 f6 13. c5 fxe5 14. cxb6 e4 15. Bxe4
dxe4 16. Rxe4 Nxb6 17. Qxd8 Rxd8 18. Nc3 Nfd5 19. Nxd5 Rxd5 20. h3 a5 21. Rc1
axb4 22. Rxb4 Nd7 23. Rbc4 Nb6 24. Rc7 Rd7 25. Bd4 Rxc7 26. Rxc7 Nd7 27. Ne5 Nf6
28. Nc4 Ne8 29. Re7 Kf8 30. Bc5 Nf6 31. Nb6 1-0

[Event "GCT 2021 Saint Louis - Blitz"]
[Site "Saint Louis"]
[Date "15.08.2021"]
[Round "11B"]
[White "Le, Quang Liem"]
[Black "Shankland, Sam"]
[Result "1-0"]
[WhiteTitle ""]
[BlackTitle ""]
[WhiteElo "2709"]
[BlackElo "2709"]
[WhiteFideId "12401137"]
[BlackFideId "2004887"]
[EventDate "2021.08.14"]

1. d4 d5 2. Nf3 Nf6 3. Bf4 c5 4. e3 Nc6 5. Nbd2 Qb6 6. dxc5 Qxb2 7. Rb1 Qc3 8.
Bb5 g6 9. e4 a6 10. Bxc6+ bxc6 11. Be3 dxe4 12. Bd4 Qa5 13. O-O Bh6 14. Nc4 Qd8
15. Nfe5 O-O 16. Nb6 Be6 17. Nxa8 Qxa8 18. Rb6 Nd5 19. Rxc6 Bg7 20. Rxe6 fxe6
21. Qg4 Nf4 22. c6 h5 23. Qg5 Ne2+ 24. Kh1 Nxd4 25. Nxg6 Nxc6 26. Nxf8 Qxf8 27.
Qxh5 Nd4 28. Qd1 Qf4 29. c3 Nf5 30. g3 Qe5 31. Qe2 Qd5 32. Rd1 Qc6 33. Rd8+ Kf7
34. Kg1 Qxc3 35. Qxe4 Bd4 36. Qe2 Kf6 37. Rf8+ Kg7 38. Rd8 Kf6 39. Rf8+ Kg7 40.
Rb8 Kf6 41. Rb3 Qc7 42. Qxa6 Qc2 43. Rf3 Kg5 44. Qxe6 Bf6 45. h4+ Kg6 46. Rf4
Qc1+ 47. Kh2 Qc2 48. Qe4 Qxe4 49. Rxe4 Nd6 50. Rb4 Bc3 51. Rb3 Bd4 52. Kg2 e5
53. a4 Ne4 54. f3 Nc5 55. Rb4 Nd3 56. Rc4 Ne1+ 57. Kh3 Nxf3 58. a5 e4 59. Kg2
Kf5 60. a6 Be3 61. Rc7 Ne1+ 62. Kf1 1-0

[Event "GCT 2021 Saint Louis - Blitz"]
[Site "Saint Louis"]
[Date "15.08.2021"]
[Round "12B"]
[White "So, Wesley"]
[Black "Le, Quang Liem"]
[Result "1/2-1/2"]
[WhiteTitle ""]
[BlackTitle ""]
[WhiteElo "2772"]
[BlackElo "2709"]
[WhiteFideId "5202213"]
[BlackFideId "12401137"]
[EventDate "2021.08.14"]

1. e4 e5 2. Nf3 Nc6 3. Bc4 Nf6 4. d3 Bc5 5. O-O d6 6. c3 h6 7. Re1 O-O 8. b4 Bb6
9. Nbd2 Ne7 10. Bb3 c6 11. a4 Ng6 12. a5 Bc7 13. d4 Re8 14. dxe5 Nxe5 15. Nxe5
dxe5 16. Qe2 Be6 17. Bxe6 Rxe6 18. Nb3 b6 19. f3 Rd6 20. Be3 Qe8 21. Red1 Rxd1+
22. Rxd1 Qe6 23. axb6 axb6 24. Nd2 b5 25. c4 Rb8 26. c5 Qa2 27. Qd3 Ra8 28. Qb3
Kf8 29. Kf1 Ke7 30. Ke2 Nd7 31. h4 h5 32. Qxa2 Rxa2 33. Rb1 Nf8 34. Kd3 Ke6 35.
Kc3 Bd8 36. g3 g6 37. Kb3 Ra7 38. Rd1 f5 39. Nb1 Rd7 40. Rxd7 Kxd7 41. Nc3 Ne6
42. Ne2 fxe4 43. fxe4 g5 44. Bf2 g4 45. Kc2 Nc7 46. Nc1 Ke6 47. Nb3 Na6 48. Be1
Nb8 49. Kd3 Bc7 50. Bc3 Na6 51. Nc1 Nb8 52. Nb3 Na6 53. Nd2 Bd8 54. Nf1 Be7 55.
Ne3 Bf8 56. Nf5 Nc7 57. Bd2 Ne8 58. Bg5 Nc7 59. Bd8 Ne8 60. Kc3 Kd7 61. Bg5 Ke6
62. Kd3 Kd7 63. Bd2 Ke6 64. Bc1 Nf6 65. Bb2 Ne8 66. Bc1 Nf6 67. Bg5 Ne8 68. Be3
Nf6 69. Bg5 Ne8 70. Be3 Nf6 71. Bg5 Ne8 1/2-1/2

[Event "GCT 2021 Saint Louis - Blitz"]
[Site "Saint Louis"]
[Date "15.08.2021"]
[Round "12B"]
[White "Shankland, Sam"]
[Black "Rapport, Richard"]
[Result "0-1"]
[WhiteTitle ""]
[BlackTitle ""]
[WhiteElo "2709"]
[BlackElo "2763"]
[WhiteFideId "2004887"]
[BlackFideId "738590"]
[EventDate "2021.08.14"]

1. d4 Nf6 2. c4 d6 3. Nf3 g6 4. Nc3 Bg7 5. e4 O-O 6. Be2 e5 7. Be3 Na6 8. O-O c6
9. d5 Ng4 10. Bg5 f6 11. Bc1 f5 12. Bg5 Nf6 13. exf5 Bxf5 14. Qd2 Qc7 15. Nh4
Nc5 16. Be3 Nce4 17. Nxe4 Nxe4 18. Qd1 Bd7 19. Rc1 c5 20. Nf3 Rae8 21. Qc2 Nf6
22. Ng5 Bf5 23. Qa4 Bd7 24. Qc2 e4 25. b4 b6 26. bxc5 dxc5 27. Rcd1 Qe5 28. a4
Ng4 29. Bxg4 Bxg4 30. Rde1 h6 31. Ne6 Bxe6 32. dxe6 Qxe6 33. Rd1 Rd8 34. Rfe1
Kh7 35. a5 Qf5 36. axb6 axb6 37. h3 Rd3 38. Rxd3 exd3 39. Qb3 Rf6 40. f3 Re6 41.
Bd2 Rxe1+ 42. Bxe1 Qe6 43. Qd1 Qxc4 0-1

[Event "GCT 2021 Saint Louis - Blitz"]
[Site "Saint Louis"]
[Date "15.08.2021"]
[Round "12B"]
[White "Svidler, Peter"]
[Black "Mamedyarov, Shakhriyar"]
[Result "1-0"]
[WhiteTitle ""]
[BlackTitle ""]
[WhiteElo "2714"]
[BlackElo "2782"]
[WhiteFideId "4102142"]
[BlackFideId "13401319"]
[EventDate "2021.08.14"]

1. e4 c5 2. Nf3 e6 3. d4 cxd4 4. Nxd4 Nf6 5. Nc3 Nc6 6. a3 Be7 7. Be3 O-O 8. Qe2
d5 9. O-O-O Bd7 10. exd5 exd5 11. h3 Rc8 12. g4 Re8 13. Qd2 Ne5 14. f4 Nc4 15.
Bxc4 Rxc4 16. Qd3 Qc8 17. Nde2 b5 18. Bd4 Bc6 19. Kb1 b4 20. axb4 Rxb4 21. Rhe1
Ne4 22. Nxe4 dxe4 23. Qc3 Qa6 24. b3 Rc8 25. Bc5 Bf6 26. Nd4 Rbb8 27. g5 Bxd4
28. Rxd4 Qb5 29. Rb4 Qa6 30. Rxb8 Rxb8 31. Bd4 Rc8 32. Bxg7 Bb5 33. Qd4 Qa5 34.
Rd1 Qc7 35. Bh6 Qxc2+ 36. Ka1 1-0

[Event "GCT 2021 Saint Louis - Blitz"]
[Site "Saint Louis"]
[Date "15.08.2021"]
[Round "12B"]
[White "Caruana, Fabiano"]
[Black "Dominguez Perez, Leinier"]
[Result "0-1"]
[WhiteTitle ""]
[BlackTitle ""]
[WhiteElo "2806"]
[BlackElo "2758"]
[WhiteFideId "2020009"]
[BlackFideId "3503240"]
[EventDate "2021.08.14"]

1. e4 e5 2. Nf3 Nc6 3. Bb5 a6 4. Ba4 Nf6 5. O-O Nxe4 6. d4 b5 7. Bb3 d5 8. dxe5
Be6 9. Be3 Be7 10. c3 O-O 11. Nbd2 Bg4 12. h3 Nxd2 13. hxg4 Nxf1 14. Kxf1 Na5
15. Bxd5 c6 16. Be4 Qxd1+ 17. Rxd1 Nc4 18. Bc1 Rfd8 19. Re1 Rac8 20. g5 g6 21.
g3 Bf8 22. b3 Nb6 23. Bd2 Bg7 24. c4 Bxe5 25. Nxe5 Rxd2 26. Bxc6 bxc4 27. bxc4
Rc2 28. Bb7 Re8 29. Bxa6 Rxa2 30. Bb5 Rc8 31. Ng4 Ra7 32. Re4 Kg7 33. Kg2 Rac7
34. Ne3 Kf8 35. Kh3 Rc5 36. f4 R5c7 37. Rd4 Kg7 38. Kh4 h6 39. Re4 hxg5+ 40.
fxg5 Kf8 41. Kg4 Re7 42. Rxe7 Kxe7 43. Kf4 Kd6 44. Ke4 Ra8 45. Ng4 Ra1 46. Kf3
Rc1 47. Ne3 Ke5 48. Ng4+ Kd4 49. Nh6 Nxc4 50. Bxc4 Kxc4 51. Kg2 Kd5 52. Nxf7
Rc2+ 53. Kf3 Rc3+ 54. Kg4 Rc4+ 55. Kf3 Ke6 56. Nh6 Ra4 57. Ke3 Ke5 58. Kf3 Rb4
59. Kg2 Rb3 60. Kh3 Rb7 61. Kg4 Rb4+ 62. Kh3 Ra4 63. Kg2 Ke6 64. Kf3 Rb4 65. Kg2
Rb5 66. Kf3 Rxg5 67. Ng4 Ra5 68. Nf2 Kf5 69. Nh3 Ra3+ 70. Kg2 g5 71. Ng1 g4 72.
Ne2 Ra2 73. Kf1 Rxe2 74. Kxe2 Ke4 0-1

[Event "GCT 2021 Saint Louis - Blitz"]
[Site "Saint Louis"]
[Date "15.08.2021"]
[Round "13B"]
[White "Mamedyarov, Shakhriyar"]
[Black "Dominguez Perez, Leinier"]
[Result "1-0"]
[WhiteTitle ""]
[BlackTitle ""]
[WhiteElo "2782"]
[BlackElo "2758"]
[WhiteFideId "13401319"]
[BlackFideId "3503240"]
[EventDate "2021.08.14"]

1. Nf3 d5 2. g3 Nf6 3. Bg2 e6 4. d3 Be7 5. Nbd2 O-O 6. e4 c5 7. O-O Nc6 8. Re1
Qc7 9. Nf1 dxe4 10. dxe4 Rd8 11. Qe2 Nd4 12. Nxd4 cxd4 13. e5 Nd5 14. Rd1 Nb4
15. Be4 Nc6 16. Bf4 b6 17. Nd2 Bb7 18. Nf3 Rac8 19. a3 h6 20. h4 a5 21. Rd2 Bc5
22. Rad1 Rd7 23. c3 Rcd8 24. b4 axb4 25. cxb4 Bf8 26. Rc1 d3 27. Rxd3 Rxd3 28.
Bxd3 Qd7 29. Rd1 Qc8 30. Be4 Rxd1+ 31. Qxd1 Ne7 32. Bxb7 Qxb7 33. Qd3 Nd5 34.
Bd2 Qc6 35. h5 Be7 36. Kf1 Bd8 37. g4 Be7 38. Kg2 Qa4 39. Bc1 Qc6 40. Bd2 Qa4
41. Be3 Qc6 42. Kg3 Qc7 43. Bd2 Bd8 44. a4 Be7 45. a5 Bxb4 46. a6 Bc5 47. Qb5
Qc8 48. g5 hxg5 49. Nxg5 Nc7 50. Qc6 Qxa6 51. Qxc7 Qd3+ 52. Be3 1-0